00716nam a2200181 a 4500001001000000005001700010008004100027050002200068100003100090245015000121260003500271300004400306501005300350650003700403650003400440650003900474700002100513BRCA_519820190320205000.0820428s1973####uk-a######---#000-0#eng-# 4aNK7210b.M25 19731 aMacdonald-Taylor, Margaret10aA Dictionary of MarksbMetalwork, Furniture, Ceramicsccompiled and edited by Margaret Macdonald-Taylor ; whit an introduction by L. G. G.Ramsey. aLondresbThe Connoisseurc1973 a318 p.bil., 1 lámina a colorc22 cm. aDonación Dr. Héctor Rivero Borrell Vázquez14aCerámicavDiccionariosxMarcas14aMueblesvDiccionariosxMarcas14aOrfebreríavDiccionariosxMarcas1 aRamsey, L. G. G.